Paśu rakshā. (Record no. 57495)

MARC details
000 -LEADER
fixed length control field 00541cam a22002291 4500
001 - CONTROL NUMBER
control field sa 64002764
003 - CONTROL NUMBER IDENTIFIER
control field DLC
005 - DATE AND TIME OF LATEST TRANSACTION
control field 20260227112012.0
008 - FIXED-LENGTH DATA ELEMENTS--GENERAL INFORMATION
fixed length control field 941104s1962 ii a 000 0 maro
010 ## - LIBRARY OF CONGRESS CONTROL NUMBER
LC control number sa 64002764
025 ## - OVERSEAS ACQUISITION NUMBER
Overseas acquisition number PL480:I-Mar-530
035 ## - SYSTEM CONTROL NUMBER
System control number (OCoLC)31407547
040 ## - CATALOGING SOURCE
Original cataloging agency DLC
Transcribing agency CU
Modifying agency CU
-- DLC
042 ## - AUTHENTICATION CODE
Authentication code premarc
050 00 - LIBRARY OF CONGRESS CALL NUMBER
Classification number SF961
Item number .M27
100 1# - MAIN ENTRY--PERSONAL NAME
Personal name Māḷī, M. A.
245 10 - TITLE STATEMENT
Title Paśu rakshā.
260 ## - PUBLICATION, DISTRIBUTION, ETC.
Date of publication, distribution, etc. 1962.
300 ## - PHYSICAL DESCRIPTION
Extent 72 p.
Other physical details illus.
Dimensions 18 cm.
500 ## - GENERAL NOTE
General note In Marathi.
650 #0 - SUBJECT ADDED ENTRY--TOPICAL TERM
Topical term or geographic name entry element Cattle
General subdivision Diseases.

No items available.

Powered by Koha